Grichka e o seu urso (Registo nº 1991)

Detalhes MARC
000 -Etiqueta do registo
Cabeçalho 00955nam a22003131 4500
005 - Identificador da versão
Campo de controlo 20240813121921.0
095 ## -
-- PTBN00140110
021 ## - Número do Depósito Legal
Código do país PT
100 ## - Dados gerais de processamento
Dados gerais de processamento 20070622d1976 da y0pory5003 ba
102 ## - Pais de publicação ou produção
País de publicação Portugal
101 1# - Língua de publicação
Língua do texto, banda sonora, etc. Português
Língua do documento no original Francês
106 ## - Campo de dados codificados: material textual
Dados codificados do material textual r
105 ## - Campo de dados codificados: livros
Dados codificados dos livros a z 001zy
215 ## - Descrição física 
Indicação específica da natureza do documento e extensão da espécie 175, [1] p.
Outras indicações físicas il.
Dimensões 20 cm
200 1# - Titulo e menção de responsabilidade
Título próprio Grichka e o seu urso
Primeira menção de responsabilidade René Guillot
Outras menções de responsabilidade il. J. P. Ariel, trad. Maria da Graça Moctezuma
225 2# - Colecção 
Título próprio da colecção Infantil
210 ## - Publicação, Distribuição, etc. 
Lugar da edição, distribuição, etc. Lisboa
Nome do editor, distribuidor, etc. Editorial Notícias
Data da publicação, distribuição, etc. [D.L. 1976]
304 ## - Notas relativas a título e menção de responsabilidade 
Texto da nota Tít. orig.: Grinchka et son ours
606 ## - Nome comum usado como assunto
Número de registo de entrada de autoridade 0000229
Palavra de ordem Literatura estrangeira infanto-juvenil
Subdivisão de assunto Romance de aventuras
675 ## - Classificação Decimal Universal (CDU)
Notação 82-311.3
Edição
Língua da edição por
702 #1 - Nome de autor-pessoa física (responsabilidade secundária)
Número de registo de entrada de autoridade 0000671
Palavra de ordem Ariel
Outra parte do nome não tomada para palavra de ordem J. P.
Código de função Ilustrador / Técnico de desenho computorizado
Número de registo de entrada de autoridade 0000494
Palavra de ordem Moctezuma
Outra parte do nome não tomada para palavra de ordem Maria da Graça
Código de função Tradutor
700 #1 - Nome de autor-pessoa física (responsabilidade principal)
Número de registo de entrada de autoridade 0000670
Palavra de ordem Guillot
Outra parte do nome não tomada para palavra de ordem René
Datas 1900-1969
942 ## - Elementos de entrada adicionados (Koha)
Tipo de item no Koha Livro
Exemplares
Situação do levantamento Origin of item (home branch) (coded) Biblioteca de empréstimo Código de barras Cota Circulation type (not for loan) Tipo de documento Nota do exemplar Damaged status
  Biblioteca Escolar da Coca Maravilhas Biblioteca Escolar da Coca Maravilhas BECM2017/93 8EST GUI   Livro Sem mensagem